Bajo la sombra : (Registro nro. 25465)

Detalles MARC
000 -LEADER
campo de control de longitud fija 02409cam a22005294i 4500
003 - IDENTIFICADOR DE NÚMERO DE CONTROL
campo de control PE-LiUPU
005 - FECHA Y HORA DE LA ÚLTIMA TRANSACCIÓN
campo de control 20251226105854.0
008 - DATOS DE LONGITUD FIJA--INFORMACIÓN GENERAL
campo de control de longitud fija 171016s2010 ag rb 001 0 spa d
020 ## - NÚMERO INTERNACIONAL ESTÁNDAR DEL LIBRO
Número Internacional Estándar del Libro 9875674583
020 ## - NÚMERO INTERNACIONAL ESTÁNDAR DEL LIBRO
Número Internacional Estándar del Libro 9789875674585
035 ## - NÚMERO DE CONTROL DEL SISTEMA
Número de control de sistema (Sirsi) a239789
040 ## - FUENTE DE CATALOGACIÓN
Centro catalogador/agencia de origen PE-LiUPU
Lengua de catalogación spa
Centro/agencia transcriptor PE-LiUPU
Normas de descripción rda
041 1# - CÓDIGO DE IDIOMA
Código de lengua del texto/banda sonora o título independiente spa
Código de lengua original eng
082 04 - NÚMERO DE LA CLASIFICACIÓN DECIMAL DEWEY
Número de clasificación 248.5
Cutter W75
Número de edición 23
100 ## - ENTRADA PRINCIPAL--NOMBRE DE PERSONA
Nombre de persona Wong, Mary Hui-Tze,
Término indicativo de función/relación autor.
9 (RLIN) 7789
245 10 - MENCIÓN DEL TÍTULO
Título Bajo la sombra :
Resto del título una historia de salvaciones milagrosas y de la mano protectora de Dios /
Mención de responsabilidad, etc. Mary Hui-Tze Wong, Maylan Schurch.
250 ## - MENCION DE EDICION
Mención de edición Primera edición.
264 #1 - PRODUCCIÓN, PUBLICACIÓN, DISTRIBUCIÓN, FABRICACIÓN Y COPYRIGHT
Producción, publicación, distribución, fabricación y copyright Buenos Aires, Argentina :
Nombre del de productor, editor, distribuidor, fabricante Asociación Casa Editora Sudamericana,
Fecha de producción, publicación, distribución, fabricación o copyright 2010.
300 ## - DESCRIPCIÓN FÍSICA
Extensión 144 páginas ;
Dimensiones 21 centímetros
336 ## - TIPO DE CONTENIDO
Término de tipo de contenido text
Fuente rdacontent
337 ## - TIPO DE MEDIO
Nombre/término del tipo de medio unmediated
Fuente rdamedia
338 ## - TIPO DE SOPORTE
Nombre/término del tipo de soporte volume
Fuente rdacarrier
505 0# - NOTA DE CONTENIDO CON FORMATO
Nota de contenido con formato Niña Novia -- Sobrevivimos a la muerte negra -- El Nacimiento de Yun Foh y su primera Niñez -- Encuentro en Au Mi san -- Alumno radical -- De la Sombra de la muerte a una luz mayor -- Preparación para Servir al Maestro -- Misionero en la Tierra de los Cazadores de cabezas -- Sarawak -- Invalidos por aire y por mar -- Ocupación enemiga -- Cuando la muerte llovía del cielo -- ¡Liberación! -- Un Paso adelante de la marea Roja -- En Servicio Activo -- Alegría y Sacrificio en Singapur -- Escape de Vietnam -- Ocaso y atardecer.
526 ## - NOTA DE INFORMACIÓN SOBRE EL PROGRAMA DE ESTUDIO
Nombre del programa Segunda Especialidad En Profecías Bíblicas
526 ## - NOTA DE INFORMACIÓN SOBRE EL PROGRAMA DE ESTUDIO
Nombre del programa Segunda Especialidad En Nuevo Testamento
526 ## - NOTA DE INFORMACIÓN SOBRE EL PROGRAMA DE ESTUDIO
Nombre del programa Segunda Especialidad En Antiguo Testamento
526 ## - NOTA DE INFORMACIÓN SOBRE EL PROGRAMA DE ESTUDIO
Nombre del programa Segunda Especialidad En Estudios Adventistas
526 ## - NOTA DE INFORMACIÓN SOBRE EL PROGRAMA DE ESTUDIO
Nombre del programa Doctorado en teología
526 ## - NOTA DE INFORMACIÓN SOBRE EL PROGRAMA DE ESTUDIO
Nombre del programa Maestría en teología histórica
526 ## - NOTA DE INFORMACIÓN SOBRE EL PROGRAMA DE ESTUDIO
Nombre del programa Maestría en teología bíblica
526 ## - NOTA DE INFORMACIÓN SOBRE EL PROGRAMA DE ESTUDIO
Nombre del programa Maestría en teología
526 ## - NOTA DE INFORMACIÓN SOBRE EL PROGRAMA DE ESTUDIO
Nombre del programa Maestría en misionología
526 ## - NOTA DE INFORMACIÓN SOBRE EL PROGRAMA DE ESTUDIO
Nombre del programa Maestría en liderazgo eclesiástico
526 ## - NOTA DE INFORMACIÓN SOBRE EL PROGRAMA DE ESTUDIO
Nombre del programa Teología
534 ## - NOTA SOBRE LA VERSIÓN ORIGINAL
Frase introductoria Título Original :
Mención de título del original Under the shadow.
650 10 - PUNTO DE ACCESO ADICIONAL DE MATERIA--TÉRMINO DE MATERIA
Término de materia o nombre geográfico como elemento de entrada Testimonio de fe.
9 (RLIN) 7791
650 24 - PUNTO DE ACCESO ADICIONAL DE MATERIA--TÉRMINO DE MATERIA
Término de materia o nombre geográfico como elemento de entrada Muerte.
700 1# - ENTRADA AGREGADA--NOMBRE PERSONAL
Nombre de persona Schurch, Maylan,
Término indicativo de función/relación autor.
910 ## - DATOS DE OPCIÓN DEL USUARIO (OCLC)
Datos de opción del usuario bgr
942 ## - ELEMENTOS DE ENTRADA SECUNDARIOS (KOHA)
Fuente del sistema de clasificación o colocación Clasificación Decimal Dewey
Tipo de ítem Koha
949 ## - PROCESAMIENTO DE INFORMACIÓN LOCAL (OCLC)
a 248.5 bW75
w DEWEY
c 1
i FT03357
l CCODEBUT1
m BUT
p 18.02
r 0
s Y
t BOOK
u 2017-10-16
x BIBLIOTECA
z UNKOWN
0 COMPRA
o .STAFF. Colección General Tarapoto
949 ## - PROCESAMIENTO DE INFORMACIÓN LOCAL (OCLC)
a 248.5 W75 2008
w DEWEY
c 1
i FJ09211
l CCODEBUJ1
m BUJ
p 10.00
r 0
s Y
t BOOK
u 2017-11-14
x BIBLIOTECA
z UNKOWN
0 COMPRA
o .STAFF. Colección General Juliaca
980 ## - EQUIVALENCIA O REFERENCIA-CRUZADA-MENCIÓN DE SERIE--NOMBRE DE PERSONA/TÍTULO [LOCAL, CANADÁ]
ID del último usuario que modificó el registro 18228
Nombre del último usuario que modificó el registro Rebeca Esther Huerta Leyton
Existencias
Visto por última vez Número de inventario Total de préstamos Signatura topográfica completa Código de barras Copia número Coste, precio de reemplazo Fecha de reemplazo Facultad Tipo de ítem Koha Nota pública Estado de pérdida Fuente del sistema de clasificación o colocación No para préstamo Colección Programa académico Biblioteca de origen Biblioteca actual Ubicación en estantería Fecha de adquisición Fuente de adquisición Coste, precio normal de compra Fecha del último préstamo
2022-12-28 1   248.5 W75 80366 e1 20.00 2019-08-29   Libros físicos Este Ítem NO se presta por ser Ejemplar #1. No Perdido Clasificación Decimal Dewey Disponible para préstamos Colección General Doctorado en teología Biblioteca CRAI UPeU Lima Biblioteca CRAI UPeU Lima Little Library 2019-08-29 DONACION 15.00  
2022-12-28 1   248.5 W75 80367 e2 20.00 2019-08-29   Libros físicos   No Perdido Clasificación Decimal Dewey Disponible para préstamos Colección General Doctorado en teología Biblioteca CRAI UPeU Lima Biblioteca CRAI UPeU Lima Little Library 2019-08-29 DONACION 15.00  
2023-11-13 1 1 248.5 W75 80368 e3 20.00 2019-08-29   Libros físicos   No Perdido Clasificación Decimal Dewey Disponible para préstamos Colección General Doctorado en teología Biblioteca CRAI UPeU Lima Biblioteca CRAI UPeU Lima Little Library 2019-08-29 DONACION 15.00 2023-11-09